000
00284nam a2200121Ia 4500
008
190802s9999 xx 000 0 und d
020
_a
978-1-444-77581-5
100
_a
Fredrik Backman
245
2
_a
A Man Called Ove
260
_a
London
_b
Sceptre
_c
2015
300
_a
295:p
942
_c
BK
999
_c
2390
_d
2390